000 00640nam a2200265Ia 4500
005 20260306164534.0
008 008 260114s9999 xx 000 0 eng d
020 _a9780191743863
037 _aEBOOK
040 _aCRL
040 _beng
040 _cCRL
041 _2eng
041 _aeng
084 _qCRL
100 _aCedric Boeckx
_91131017
245 4 _aThe Oxford Handbook Of Linguistic Minimalism
260 _bOxford University Press
260 _c2011
650 _aLinguistics
856 _uhttps://academic.oup.com/edited-volume/38634
942 _cEBOOK
999 _c1714434
_d1714434